Normal view
MARC view
- Rabbani,Rabab
Entry Personal Name
001 - CONTROL NUMBER
- control field: 26463
003 - CONTROL NUMBER IDENTIFIER
- control field: NUST
005 - DATE AND TIME OF LATEST TRANSACTION
- control field: 20191204100149.0
008 - FIXED-LENGTH DATA ELEMENTS
- fixed length control field: 191204|| aca||aabn | a|a d
040 ## - CATALOGING SOURCE
- Original cataloging agency: NUST
- Transcribing agency: NUST
100 ## - HEADING--PERSONAL NAME
- Personal name: Rabbani,Rabab
670 ## - SOURCE DATA FOUND
- Source citation: Work cat.: (NUST): Rabbani,Rabab, Assessment of wind resource potential and power production for selected sites in Pakistan., 2019
